Reorient : (Record no. 122955)

MARC details
000 -LEADER
fixed length control field 00751nam a22002297a 4500
005 - DATE AND TIME OF LATEST TRANSACTION
control field 20170124105918.0
010 ## - LIBRARY OF CONGRESS CONTROL NUMBER
LC control number A-946211
020 ## - INTERNATIONAL STANDARD BOOK NUMBER
Terms of availability 495.00
International Standard Book Number 8170367603
035 ## - SYSTEM CONTROL NUMBER
System control number A-946211
037 ## - SOURCE OF ACQUISITION
Source of stock number/acquisition Cen Lib/Ret
040 ## - CATALOGING SOURCE
Original cataloging agency DPL
Language of cataloging EN
082 ## - DEWEY DECIMAL CLASSIFICATION NUMBER
Classification number 330.903
Item number FRA
100 ## - MAIN ENTRY--PERSONAL NAME
Personal name Frank, Andre Gunder
9 (RLIN) 3272
245 ## - TITLE STATEMENT
Title Reorient :
Statement of responsibility, etc by Andre Gunder Frank
Remainder of title global economy in the asian age /
260 ## - PUBLICATION, DISTRIBUTION, ETC. (IMPRINT)
Place of publication, distribution, etc New Delhi
Name of publisher, distributor, etc Vistaar Publications
Date of publication, distribution, etc 1998
270 ## - ADDRESS
Address M-32 market,Greater kailash Part-I
City New Delhi
Postal code 110048
300 ## - PHYSICAL DESCRIPTION
Extent xv,416p.
Dimensions 23cm(Hb)
500 ## - GENERAL NOTE
General note Includes bibliographical reference and index
650 ## - SUBJECT ADDED ENTRY--TOPICAL TERM
Topical term or geographic name as entry element Economics-Global Prospects
9 (RLIN) 3273
650 ## - SUBJECT ADDED ENTRY--TOPICAL TERM
Topical term or geographic name as entry element Global trade Carousel
9 (RLIN) 3274
942 ## - ADDED ENTRY ELEMENTS (KOHA)
Source of classification or shelving scheme Dewey Decimal Classification
Koha item type English Books
Classification part 330.903
Call number suffix FRA
Holdings
Withdrawn status Lost status Damaged status Not for loan Collection code Home library Current library Date acquired Source of acquisition Cost, normal purchase price Total Checkouts Full call number Barcode Date last seen Copy number Cost, replacement price Price effective from Koha item type
      Not For Loan Reference Central Library Central Library 01/06/2015 Cen Lib/Ret 495.00   330.903 FRA A-946211 01/06/2015 1 495.00 01/06/2015 English Books

© Delhi Public Library
Hit Counter
free hit counter